Statistiken für Berühmtheiten der 2010er-Jahre #2

Klicken Sie hier um das Quiz zu spielen!

Allgemein

  • Dieses Quiz wurde 232 mal gespielt
  • Das Durchschnittsergebnis liegt bei 12 aus 16

Antwortstatistiken

Antwort% Korrekt
Lionel Messi
96%
Taylor Swift
96%
Rihanna
91%
Mark Zuckerberg
88%
Adele
87%
Selena Gomez
85%
Kanye West
83%
Pitbull
70%
Justin Timberlake
69%
Ryan Reynolds
69%
Serena Williams
68%
Nicki Minaj
60%
Pewdiepie
57%
Kendall Jenner
53%
Meghan Markle
50%
Tom Hardy
29%

Verteilung der Resultate

Perzentil nach korrekt beantworteten Fragen

Anzahl Personen mit jedem Resultat

Ihre Resultats-Entwicklung

Sie haben dieses Quiz noch nicht gespielt